000 00661nam a22002657a 4500
003 UA-OsUOA
001 24727
007 ta
008 20040301b un ||||| |||| 00| 0 ukr d
100 _aМаслов С. О.
700 _aОпалов О. А.
090 _a336.7(075.8)
_bМ31
942 _cBK
040 _aUA-OsUOA
_bukr
_cUA-OsUOA
_dUA-OsUOA
245 _aФінансовий ринок
_bНавчальний посібник
300 _a344 с.
955 _a0
041 _aukr
080 _a336.7(075.8)
020 _a966-8019-00-8
260 _aКиїв
_bКаравела
_c2004
044 _aUA
650 7 _2UDC
999 _c311009
_d311009